| 000 -LEADER |
| fixed length control field |
00861nam a2200193 a 4500 |
| 040 ## - CATALOGING SOURCE |
| Transcribing agency |
DLC |
| 082 00 - DEWEY DECIMAL CLASSIFICATION NUMBER |
| Classification number |
305 UNI 1995 C151 Or. |
| 245 00 - TITLE STATEMENT |
| Title |
Training users and producers in statistics on gender issues in the South Pacific : |
| Remainder of title |
report of the seminar held in Rarotonga, Cook Islands, 30 November-3 December, 1992. |
| 260 ## - PUBLICATION, DISTRIBUTION, ETC. (IMPRINT) |
| Place of publication |
Santo Domingo, Dominican Republic : |
| Name of publisher |
United Nations International Research and Training Institute for the Advancement of Women, |
| Year of publication |
1995. |
| 300 ## - PHYSICAL DESCRIPTION |
| Number of Pages |
130 p. ; |
| Dimensions |
28 cm. |
| 500 ## - GENERAL NOTE |
| General note |
Proceedings of the Subregional Workshop on Statistics and Indicators on Women in the Pacific Islands. |
| 500 ## - GENERAL NOTE |
| General note |
"INSTRAW/SER.A/43"--P. [4] of cover. |
| 650 #0 - SUBJECT ADDED ENTRY--TOPICAL TERM |
| Topical Term |
Women |
| 650 #0 - SUBJECT ADDED ENTRY--TOPICAL TERM |
| Topical Term |
Women |
| 650 #0 - SUBJECT ADDED ENTRY--TOPICAL TERM |
| Topical Term |
Sex role |
| 650 #0 - SUBJECT ADDED ENTRY--TOPICAL TERM |
| Topical Term |
Sex role |
| 710 2# - ADDED ENTRY--CORPORATE NAME |
| Corporate name or jurisdiction name as entry element |
International Research and Training Institute for the Advancement of Women. |
| 942 ## - ADDED ENTRY ELEMENTS (KOHA) |
| Koha item type |
ADB |
| 952 ## - LOCATION AND ITEM INFORMATION (KOHA) |
| Withdrawn status [LOCAL, KOHA] |
0 |